Представление документа в формате MARC21

Поле Инд. ПП Название Значение
Тип записи a
Библиографический уровень m
001 _ Контрольный номер RU/URAIT/469235
005 _ Дата корректировки 20250915104107.5
008 Кодируемые данные 160212s2021 RU y f j 000 0 rus u
020 a ISBN 978-5-534-03600-8
c Цена, тираж 1019.00
040 a Служба первич. каталог. ИКО Юрайт
c Служба, преобразующая запись ИКО Юрайт
e Правила каталог. RCR
041 a Код языка текста rus
044 a Код страны публикации RU
080 a Индекс УДК 34(075.8)
084 2 Источник индекса rubbk
a Индекс другой классификации/Индекс ББК 67я73
100 1_ a Автор Полякова Татьяна Анатольевна
q Полное имя Татьяна Анатольевна
245 a Заглавие Организационное и правовое обеспечение информационной безопасности
b Продолж. заглавия Учебник и практикум для вузов
c Ответственность под ред. Стрельцова А.А.
256 a Характеристики компьютерного файла Электрон. дан.
260 a Место издания Москва
b Издательство Юрайт
c Дата издания 2021
300 a Объем 325 с
440 a Серия Высшее образование
500 a Примечание URL: https://urait.ru/bcode/469235 (дата обращения: 23.11.2021).
520 a Аннотация В учебнике изложены общие теоретический и методологический подходы к формированию правового и организационного обеспечений информационной безопасности человека, общества и государства. Подробно освещены основные институты правового обеспечений информационной безопасности: правовые режимы защиты информации, государственной, служебной и коммерческой тайн, персональных данных, юридической ответственности за правонарушения в области информационной безопасности, а также структура организационного обеспечения информационной безопасности. Рассмотрены проблемы формирования правового режима международной информационной безопасности. Значительное внимание уделено организационным аспектам управления защитой информационных систем. Задача настоящего учебного курса приобретение студентами как общих знаний в области правового и организационного обеспечения информационной безопасности, так и изучение вопросов, связанных с формированием и реализацией государственной политики в этой сфере, а также получение магистрами более углубленных знаний в области информационной безопасности, проблем международной информационной безопасности.
538 a Прим. о системных особенностях Режим доступа: Электронно-библиотечная система Юрайт, для авториз. пользователей
653 a Ключевые слова Информационная безопасность
653 a Ключевые слова Компьютеры. Интернет. Информатика.
653 a Ключевые слова Информационная безопасность
653 a Ключевые слова Информационная безопасность и защита информации
653 a Ключевые слова Основы информационной безопасности
653 a Ключевые слова Экономика защиты информации
653 a Ключевые слова Организационная защита информации
653 a Ключевые слова Организационно-правовое обеспечение информационной безопасности
653 a Ключевые слова Организационное обеспечение информационной безопасности
653 a Ключевые слова Правовая защита информации
653 a Ключевые слова Организационно-правовые механизмы обеспечения информационной безопасности
653 a Ключевые слова Управление информационной безопасностью
653 a Ключевые слова Информационная безопасность предприятия
653 a Ключевые слова Международные и российские нормативные акты и стандарты по информационной безопасности
653 a Ключевые слова Информационная безопасность предприятия (организации)
653 a Ключевые слова Информационно-аналитическая деятельность по обеспечению комплексной безопасности
653 a Ключевые слова Основы управления информационной безопасностью
653 a Ключевые слова Основы управление информационной безопасностью
653 a Ключевые слова Введение в информационную безопасность
653 a Ключевые слова Информационная безопасность в профессиональной деятельности
653 a Ключевые слова Актуальные проблемы информационного права и информационной безопасности
653 a Ключевые слова Защита информации и информационная безопасность
700 1_ a Другие авторы Чубукова Светлана Георгиевна
q Полное имя Светлана Георгиевна
700 1_ a Другие авторы Ниесов Владимир Александрович
q Полное имя Владимир Александрович
700 1_ a Другие авторы Стрельцов Анатолий Александрович
q Полное имя Анатолий Александрович
4 Код отношения 340
856 40 u URL https://urait.ru/bcode/469235
x Примечание для ЭОР https://urait.ru/book/cover/3433E5F8-1184-4776-8172-0E6A2E6B557C
z Примечание для пользователя Участвует в КО
856 41 u URL https://urait.ru/book/cover/3433E5F8-1184-4776-8172-0E6A2E6B557C